000 00388nam a22001577a 4500
003 DO-SdBNP
005 20180315112053.0
008 180315b2004 xxu||||| |||| 00| 0 spa d
040 _aBPMSU
_bspa
_cBPMSU
245 _aCycles
260 _aUSA
_bStudio Mouse
_c2004
300 _a[12 p. ]
_bil.
_c12 cm
942 _2ddc
_cBK
945 _ainventariado, 2018 / dg
956 _adgarcia
_b10
999 _c13356
_d13356